Pro Rugby Teams - Statistics

General Stats
  • This quiz has been taken 25 times
  • The average score is 30 of 56
Answer Stats
Answer % Correct
Cardiff Blues
92%
Bath Rugby
83%
Blues
83%
Exeter Chiefs
83%
Leicester Tigers
83%
Saracens
83%
Harlequins
75%
Hurricanes
75%
London Wasps
75%
Sale Sharks
75%
The Ospreys
75%
Toulon
75%
Crusaders
67%
Glasgow Warriors
67%
Gloucester Rugby
67%
Munster Rugby
67%
Newcastle Falcons
67%
Newport Gwent Dragons
67%
Northampton Saints
67%
Sharks
67%
The Scarlets
67%
Toulouse
67%
Ulster Rugby
67%
Chiefs
58%
Connacht Rugby
58%
Edinburgh Rugby
58%
Highlanders
58%
Leinster Rugby
58%
New South Wales Waratahs
58%
Bulls
50%
Cheetahs
50%
Jaguares
50%
Montpellier
50%
Pau
50%
Western Force
50%
Worcester Warriors
50%
Benetton Treviso
42%
Bordeaux
42%
Bristol Rugby
42%
Lions
42%
Melbourne Rebels
42%
Queensland Reds
42%
Racing 92
42%
Zebre Rugby
42%
Brumbies
33%
La Rochelle
33%
Lyon
33%
Stade Francais
33%
Stormers
33%
Sunwolves
33%
Southern Kings
25%
Bayonne
17%
Brive
17%
Castres
17%
Clermont Auvergne
17%
Grenoble
17%
No matching quizzes found
Score Distribution
Percent of People with Each Score
Percentile by Number Answered
Your Score History
You have not taken this quiz